00000000nam 2200000zi 4500
0019.945268
003CaOODSP
00520241118110825
006m     o  d f      
007cr mn|||||||||
008241118s1971    onc     o    f100 0 fre d
040 |aCaOODSP|bfre|erda|cCaOODSP
043 |an-cn---
0861 |aCo41-1/6AF-PDF|zCo41-1/6AF
24500|aRapport du séminaire sur "Les télécommunications et la participation" tenu à l'Université de Montréal du 3 au 5 avril 1970 / |csous les auspices du Ministère des Communications et du Centre audio-visuel de l'Université de Montréal.
24634|aTélécommunications et participation
264 1|aOttawa : |bMinistère des communications, |c1971.
300 |a1 ressource en ligne (35 pages).
336 |atexte|btxt|2rdacontent/fre
337 |ainformatique|bc|2rdamedia/fre
338 |aressource en ligne|bcr|2rdacarrier/fre
4901 |aTélécommission étude ; |v6(a)
500 |aPublié aussi en anglais sous le titre : Report on the Seminar on Telecommunications and Participation at the University of Montreal, April 3 to 5, 1970.
500 |aÉdition numérisée de l'imprimé [par Innovation, sciences et développement économique Canada].
650 6|aParticipation politique|vCongrès.
650 6|aParticipation sociale|vCongrès.
650 6|aTelecommunications|vCongrès.
7101 |aMinistère des communications, |eorganisme de publication.
77508|tReport on the Seminar on Telecommunications and Participation at the University of Montreal, April 3 to 5, 1970 / |w(CaOODSP)9.945266
830#0|aTélécommission étude ;|v6(a).|w(CaOODSP)9.927948
85640|qPDF|s934 Ko|uhttps://publications.gc.ca/collections/collection_2024/isde-ised/co41-1/Co41-1-6A-fra.pdf